<?xml version="1.0" encoding="UTF-8"?>
<record
    xmlns:xsi="http://www.w3.org/2001/XMLSchema-instance"
    xsi:schemaLocation="http://www.loc.gov/MARC21/slim http://www.loc.gov/standards/marcxml/schema/MARC21slim.xsd"
    xmlns="http://www.loc.gov/MARC21/slim">

  <leader>00996nam a2200265 a 4500</leader>
  <controlfield tag="001">BRCA_7494</controlfield>
  <controlfield tag="005">20190320205846.0</controlfield>
  <controlfield tag="008">300413s1948----sp-a######---#000-0#spa-#</controlfield>
  <datafield tag="041" ind1=" " ind2=" ">
    <subfield code="a">spa</subfield>
  </datafield>
  <datafield tag="044" ind1=" " ind2=" ">
    <subfield code="a">sp</subfield>
  </datafield>
  <datafield tag="050" ind1=" " ind2="4">
    <subfield code="a">N7611.2</subfield>
    <subfield code="b">.S26 1948</subfield>
  </datafield>
  <datafield tag="100" ind1="1" ind2=" ">
    <subfield code="a">S&#xE1;nchez Cant&#xF3;n, Francisco Javier</subfield>
    <subfield code="9">10577</subfield>
  </datafield>
  <datafield tag="245" ind1="1" ind2="0">
    <subfield code="a">Los retratos de los reyes de Espa&#xF1;a</subfield>
    <subfield code="c">por F. J. S&#xE1;nchez Cant&#xF3;n con la colaboraci&#xF3;n de Jos&#xE9; Pita Andrade ; pr&#xF3;logo del Duque de Alba.</subfield>
  </datafield>
  <datafield tag="260" ind1=" " ind2=" ">
    <subfield code="a">Barcelona</subfield>
    <subfield code="b">Omega</subfield>
    <subfield code="c">c1948</subfield>
  </datafield>
  <datafield tag="300" ind1=" " ind2=" ">
    <subfield code="a">414 p.</subfield>
    <subfield code="b">il. (algunas a color), 188 l&#xE1;minas</subfield>
    <subfield code="c">29 cm.</subfield>
  </datafield>
  <datafield tag="500" ind1=" " ind2=" ">
    <subfield code="a">Incluye &#xED;ndice de retratos, &#xED;ndice de artistas, &#xED;ndice onom&#xE1;stico e &#xED;ndice de ilutraciones</subfield>
  </datafield>
  <datafield tag="500" ind1=" " ind2=" ">
    <subfield code="a">R24</subfield>
  </datafield>
  <datafield tag="504" ind1=" " ind2=" ">
    <subfield code="a">Bilbiograf&#xED;a p. 407-412</subfield>
  </datafield>
  <datafield tag="650" ind1="1" ind2="4">
    <subfield code="a">Retratos espa&#xF1;oles</subfield>
    <subfield code="9">13574</subfield>
  </datafield>
  <datafield tag="651" ind1=" " ind2="4">
    <subfield code="a">Espa&#xF1;a</subfield>
    <subfield code="v">Retratos</subfield>
    <subfield code="x">Reyes y gobernantes</subfield>
    <subfield code="9">18449</subfield>
  </datafield>
  <datafield tag="700" ind1="1" ind2=" ">
    <subfield code="a">Pita Andrade, Jos&#xE9;</subfield>
    <subfield code="e">colab.</subfield>
    <subfield code="9">18450</subfield>
  </datafield>
  <datafield tag="700" ind1="1" ind2=" ">
    <subfield code="a">Stuart y Silva, Fitz-James</subfield>
    <subfield code="c">Duque de Alba</subfield>
    <subfield code="e">pr&#xF3;l.</subfield>
    <subfield code="9">18451</subfield>
  </datafield>
  <datafield tag="902" ind1=" " ind2=" ">
    <subfield code="a">GFM</subfield>
  </datafield>
  <datafield tag="942" ind1=" " ind2=" ">
    <subfield code="2">lcc</subfield>
    <subfield code="c">B</subfield>
  </datafield>
  <datafield tag="999" ind1=" " ind2=" ">
    <subfield code="c">7169</subfield>
    <subfield code="d">7169</subfield>
  </datafield>
  <datafield tag="952" ind1=" " ind2=" ">
    <subfield code="0">0</subfield>
    <subfield code="1">0</subfield>
    <subfield code="4">0</subfield>
    <subfield code="7">0</subfield>
    <subfield code="a">BRCA</subfield>
    <subfield code="b">BRCA</subfield>
    <subfield code="d">2013-04-30</subfield>
    <subfield code="i">R24</subfield>
    <subfield code="l">0</subfield>
    <subfield code="o">N7611.2 .S26 1948 (R24)</subfield>
    <subfield code="p">8098</subfield>
    <subfield code="r">2019-03-22 00:00:00</subfield>
    <subfield code="w">2019-03-22</subfield>
    <subfield code="y">B</subfield>
  </datafield>
</record>
